00480nam a2200181 a 4500001001300000003000900013005001700022008004100039020002300080082002000103100001900123245006200142260002400204300000900228500003500237505001000272650001600282nice12345678IN_TiNIC20260116015029.0050524s2000 gena grp 000 0 eng  a2825448 c53600a305.608091bMUD aMudge, Lewis S aDemocratic Contracts for Sustainable and Caring Societies aGeneva bWCC c2000 a197p aincludes index and biblioraphy2 aIndex aChurch-Work